00287nam a22000977a 4500008004100000100002100041245003700062250001500099260004200114650003300156200317b ||||| |||| 00| 0 eng d aGoyal, Ramesh K. aPractical Anatomy and Physiology a16thb2014 aAhmedabad, GujratbB S Shah Prakashan aHuman Anatomy and Physiology